Principles of genetics

Uloženo v:
Podrobná bibliografie
Hlavní autor: E J Gradner
Médium: Kniha
Jazyk:Undetermined
Vydáno: New York John Wiley 1984
Témata:
Tagy: Přidat tag
Žádné tagy, Buďte první, kdo otaguje tento záznam!
Thư viện lưu trữ: Trung tâm Học liệu Trường Đại học Cần Thơ
LEADER 00506nam a2200193Ia 4500
001 CTU_8572
008 210402s9999 xx 000 0 und d
082 |a 575.1 
082 |b G226 
100 |a E J Gradner 
245 0 |a Principles of genetics 
245 0 |c E J Gradner 
260 |a New York 
260 |b John Wiley 
260 |c 1984 
526 |a Thâm cứu di truyền chọn giống II 
526 |b NN904 
650 |a genetics 
980 |a Trung tâm Học liệu Trường Đại học Cần Thơ